Principles of Power System (Record no. 8910)
[ view plain ]
| 000 -LEADER | |
|---|---|
| fixed length control field | 00408nam a2200169Ia 4500 |
| 008 - FIXED-LENGTH DATA ELEMENTS--GENERAL INFORMATION | |
| fixed length control field | 221030s9999 xx 000 0 und d |
| 020 ## - INTERNATIONAL STANDARD BOOK NUMBER | |
| ISBN | 8121924960 |
| 041 ## - LANGUAGE CODE | |
| Language code of text/sound track or separate title | |
| 082 ## - DEWEY DECIMAL CLASSIFICATION NUMBER | |
| Classification number | 105.23 |
| 100 ## - MAIN ENTRY--AUTHOR NAME | |
| Personal name | V. K. Mehta |
| 245 #0 - TITLE STATEMENT | |
| Title | Principles of Power System |
| Statement of responsibility, etc | by V. K. Mehta, R. Mehta |
| 260 ## - PUBLICATION, DISTRIBUTION, ETC. (IMPRINT) | |
| Name of publisher | S. Chand & Co. |
| Place of publication | New Delhi |
| Year of publication | 2010 |
| 300 ## - PHYSICAL DESCRIPTION | |
| Number of Pages | 608 |
| 650 ## - SUBJECT ADDED ENTRY--TOPICAL TERM | |
| Topical Term | EE |
| 700 ## - ADDED ENTRY--PERSONAL NAME | |
| Personal name | R. Mehta |
| 942 ## - ADDED ENTRY ELEMENTS (KOHA) | |
| Koha item type | Books |
| Accession Number | Cost, normal purchase price | Bill Date | Full call number | Source of acquisition | Price effective from | Koha item type | Withdrawn / writtenoff status | Materials specified (bound volume or other part) | Damaged status | Not for loan | Permanent Location | Current Location | Shelving location | Date acquired | Lost/ Missing status | department |
|---|---|---|---|---|---|---|---|---|---|---|---|---|---|---|---|---|
| BE 10454 | 375.00 | 95 | 105.23 | Durga Books, Amritsar | 10/30/2022 | Books | Not For Loan | MIET Library, Jammu | MIET Library, Jammu | BL-Academic Block B, FL-1, CUP-57, SH-5, R-5 | 02/27/2010 | BE | ||||
| BE 10455 | 375.00 | 95 | 105.23 | Durga Books, Amritsar | 10/30/2022 | Books | MIET Library, Jammu | MIET Library, Jammu | BL-Academic Block C, FL-2, CUP-131, SH-4, R-4 | 02/27/2010 | BE | |||||
| BE 10456 | 375.00 | 95 | 105.23 | Durga Books, Amritsar | 10/30/2022 | Books | MIET Library, Jammu | MIET Library, Jammu | BL-Academic Block A, FL-1, CUP-34, SH-4, R-4 | 02/27/2010 | BE | |||||
| BE 10457 | 375.00 | 95 | 105.23 | Durga Books, Amritsar | 10/30/2022 | Books | MIET Library, Jammu | MIET Library, Jammu | BL-Academic Block A, FL-1, CUP-34, SH-4, R-4 | 02/27/2010 | BE | |||||
| BE 10458 | 375.00 | 95 | 105.23 | Durga Books, Amritsar | 10/30/2022 | Books | MIET Library, Jammu | MIET Library, Jammu | BL-Academic Block A, FL-1, CUP-34, SH-5, R-5 | 02/27/2010 | BE |